| 000 | nam a22 a 4500 | ||
|---|---|---|---|
| 999 |
_c64203 _d64203 |
||
| 003 | BLK | ||
| 005 | 20210204150025.0 | ||
| 008 | 180408b bul|||||r ||||||| ||bul|| | ||
| 010 | _aKNG00068468000 | ||
| 020 | _a954-01-1706-2 | ||
| 040 | _aBLK | ||
| 041 |
_aBUL _cBUL |
||
| 080 |
_aОснови на математиката в основното образование _b372.47 _x(075.2) _z372.47(075.2) |
||
| 100 | 1 |
_aМанова, Ангелина Филипова _eпърви автор _9363875 |
|
| 139 |
_aМанова, Ангелина Филипова и др. _bМ 27 |
||
| 245 | 1 | 0 |
_aМатематика за ІV клас _cАнгелина Филипова Манова; съавт. Рени Илиева Рангелова; * Юлияна Николова Гарчева-Янева; съавт. Юлияна Николова Гарчева. |
| 257 | _aBGR | ||
| 260 |
_bПросвета - София _c2005 _fРусе : Дунав прес _9220483 _aСофия _n978-954- |
||
| 300 |
_a136 с. _bс цв. ил. _c26 см _e3 тетр. , 1 кн. за учителя |
||
| 380 | _a3 | ||
| 500 | _aАвт. не са отбелязани на кор. | ||
| 650 | 4 |
_aМатематика - учебници за основни училища _9243462 |
|
| 653 | _aматематика | ||
| 653 | _aучебници за основни училища | ||
| 653 | _aІV кл. | ||
| 700 | 1 |
_aРангелова, Рени Илиева _eсъавт. _9364911 |
|
| 700 | 1 |
_aГарчева-Янева, Юлияна Николова _e* _9364179 |
|
| 700 | 1 |
_aГарчева, Юлияна Николова _eсъавт. _gГарчева-Янева, Юлияна Николова _9364910 |
|
| 852 |
_aЦб ІІ 14025 _bЦб |
||
| 856 | 4 | _qpdf | |
| 856 | 4 | _qpdf | |
| 942 |
_cKNG _n0 _01 _s1 |
||
| 944 |
_aCR _c05.10.2006 _lф / _kЛюдмила_Стоянова |
||
| 944 |
_aED _c03.08.2017 _lф / _kВиолета_Тройчева |
||
| 999 | _d64203 | ||